000 00620nam a2200217Ia 4500
005 20260429112133.0
008 260429s9999||||xx |||||||||||||| ||und||
020 _a9789367134863
041 _aEnglish
082 _a616.8914
_bKRE
100 _aKress, Victoria E.
245 0 _aTheories of counseling and psychotherapy :
_bsystems, strategies, and skills /
_cVictoria E. Kress
250 _a5th ed.
260 _aNoida :
_bPearson,
_c2026.
300 _axxix, 594 p.; pbk
650 _a Couseling
650 _aPsychotherapy
700 _a Reichenberg, Lourie W.
700 _a Seligman, Linda
942 _cTB
999 _c52541
_d52541